000 00454nam a22001817a 4500
003 NUST - PNEC
005 20170116181048.0
008 150905b xxu||||| |||| 00| 0 eng d
020 _a-
040 _cLIBRARY
082 _a621.310 AGA
100 _911586
_aAgarwal, R.K.
245 _aPrinciples of electrical machine design
_bR. K. Agarwal
250 _a4th ed.
260 _cc.2000
650 _98098
_aMachine, Electrical
_xEE
942 _2ddc
_cBK
999 _c68305
_d68305